• 首页
  • 本馆介绍
  • 公告通知
  • 最新文献
  • 馆藏检索
  • 电子资源
  • 读者导购
  • 参考咨询
  • 我的图书馆
  • 登录
  • 详细信息显示
  • 放入我的书架
  • 预约/预借图书
  • 作者相关作品
  • 分类相关作品
  • 丛书相关作品
  • 出版社相关作品

书目信息

  • 表格格式
  • 工作单格式
  • 卡片格式
题名:
内燃机使用维修问答
    
 
作者: 华道生 编著
分册:  
出版信息: 北京   机械工业出版社  1974
页数: 206页
开本: 19cm
丛书名:
单 册:
中图分类: U269.5
科图分类:
主题词: 机车工程
电子资源:
ISBN:
000 00603nam2 2200229 45
001 0179005560
005 20051031145643.45
010    @dCNY0.50
091    @a15033.4162
100    @a19950731d1974 em y0chiy0121 ea
101 0  @achi
102    @aCN@b110000
105    @af z 000yy
200 10 @a内燃机使用维修问答@Anei ran ji shi yong wei xiu wen da@f华道生编著
205    @a2版
210    @a北京@c机械工业出版社@d1974
215    @a206页@c插图@d19cm
606 0  @a机车工程
690    @aU269.5@v3
701  0 @a华道生@Ahua dao sheng@4编著
801  0 @aCN@bTSSF@c20051031
905    @a10447@dU269.5@e2
    
    内燃机使用维修问答/华道生编著.-2版.-北京:机械工业出版社,1974
    206页:插图;19cm
    
    
    ISBN :CNY0.50
    
●
相关链接 在E读中查询图书 在五车中查询图书 在当当中查询图书 在豆瓣中查询图书


正题名:内燃机使用维修问答     索取号:U269.5/2         预约/预借

序号 登录号 条形码 馆藏地/架位号 状态 备注
1 0008641   001483442   第三借阅区/ [索取号:U269.5/2] 在馆    
2 0008647   001483433   密集书库/ [索取号:U269.5/2] 在馆    
唐山师范学院图书馆 欢迎您!
大连网信软件有限公司© 版权所有